000 00518nam a2200181Ia 4500
001 3264
005 20260306144908.0
008 260306t1991||||xx |||||||||||||| ||spa||
041 _aESP
082 _a262.91
_bJ81R
100 _aJuan Pablo II, Papa
_eAUT
245 2 _aA los religiosos y religiosas de America Latina con motivo del V centenario de la evangelizacion del nuevo mundo:
_bcarta apostolica
260 _c1991
300 _a47 P.
_c20 cm.
650 _aGEN
654 _aCHU
942 _cLIB
_dJUS
_fJUS
_2ddc
_n
999 _c3264
_d3264